Vista normal
Vista MARC
Entrada Personal Name
Número de registros utilizados en: 1
001 - CONTROL NUMBER
- control field: 11376
003 - CONTROL NUMBER IDENTIFIER
- control field: DLC
005 - DATE AND TIME OF LATEST TRANSACTION
- control field: 20210107161849.0
008 - FIXED-LENGTH DATA ELEMENTS
- fixed length control field: 880414n| azannaabn |n aaa
010 ## - LIBRARY OF CONGRESS CONTROL NUMBER
- LC control number: n 88628315
016 ## - NATIONAL BIBLIOGRAPHIC AGENCY CONTROL NUMBER
- Record control number: 1015F5338E
035 ## - SYSTEM CONTROL NUMBER
- System control number: (OCoLC)oca02251708
040 ## - CATALOGING SOURCE
- Original cataloging agency: DLC
- Language of cataloging: eng
- Description conventions: rda
- Transcribing agency: DLC
- Modifying agency: DLC
- Modifying agency: CaOONL
- Modifying agency: Mx-PuUPA
042 ## - AUTHENTICATION CODE
- Authentication code: nlc
100 1# - HEADING--PERSONAL NAME
- Personal name: Dess, Gregory G.,
375 ## - GENDER
- Gender: mujer
377 ## - ASSOCIATED LANGUAGE
- Language code: eng
670 ## - SOURCE DATA FOUND
- Source citation: nuc88-44363: Miller, A. The appropriateness of Porter's ... 1985
- Information found: (hdg. on TU rept.: Dess, Gregory G.; usage: Gregory G. Dess)
670 ## - SOURCE DATA FOUND
- Source citation: His Strategic management, c1993:
- Information found: CIP t.p. (Gregory G. Dess; Univ. of Tex. at Arlington)